[Event "DFMMLV 2019"]
[Site "Braunfels"]
[Date "2019.06.21"]
[Round "2.41"]
[White "Zschischang, Marine"]
[Black "Froehlich, Franziska"]
[Result "0-1"]
[WhiteElo "2060"]
[BlackElo "1820"]
[Annotator "NA RC"]
[PlyCount "78"]
[EventDate "2019.06.20"]
[EventType "team-tourn"]
[EventCountry "GER"]
[SourceTitle "playchess.com"]
[Source "ChessBase"]
[SourceQuality "1"]
[WhiteTeam "Niedersachsen Bremen"]
[BlackTeam "Wuerttemberg 2"]
[TimeControl "40/5400+30:1800+30"]

1. d4 {[%emt 0:00:00]} d5 {[%emt 0:00:00]} 2. c4 {[%emt 0:00:00]} e6 {[%emt 0:00:00]} 3. Nc3 {[%emt 0:00:00]} c6 {[%emt 0:00:00]} 4. cxd5 {[%emt 0:00:49]} exd5 {[%emt 0:00:00]} 5. Qc2 {[%emt 0:00:20]} g6 {[%emt 0:00:00]} 6. Nf3 {[%emt 0:00:44]} Bf5 {[%emt 0:04:47]} 7. Qb3 {[%emt 0:00:55]} Qb6 {[%emt 0:00:11]} 8. Bf4 {[%emt 0:01:37]} Nd7 {[%emt 0:04:26]} 9. e3 {[%emt 0:03:25]} Ngf6 {[%emt 0:05:43]} 10. Qxb6 {[%emt 0:04:28]} axb6 {[%emt 0:00:58]} 11. Nd2 {[%emt 0:05:02]} Be7 {[%emt 0:06:44]} 12. f3 {[%emt 0:01:52]} O-O {[%emt 0:03:18]} 13. g4 {[%emt 0:02:19]} Be6 {[%emt 0:01:37]} 14. Bd3 {[%emt 0:02:48]} b5 {[%emt 0:08:02]} 15. Kf2 {[%emt 0:06:35]} b4 {[%emt 0:03:30]} 16. Ne2 {[%emt 0:02:59]} Rfc8 {[%emt 0:04:12]} 17. Ng3 {[%emt 0:08:40]} b6 {[%emt 0:03:07]} 18. h4 {[%emt 0:10:40]} c5 {[%emt 0:04:15]} 19. h5 {[%emt 0:07:07]} c4 {[%emt 0:00:56]} 20. Bc2 {[%emt 0:00:56]} c3 {[%emt 0:03:27]} 21. bxc3 {[%emt 0:01:15]} bxc3 {[%emt 0:03:24]} 22. Nb1 {[%emt 0:07:04]} b5 {[%emt 0:02:35]} 23. hxg6 {[%emt 0:02:50]} fxg6 {[%emt 0:02:36]} 24. Ne2 {[%emt 0:01:26]} b4 {[%emt 0:01:42]} 25. Nc1 {[%emt 0:11:22]} Nb6 {[%emt 0:03:51]} 26. Nd3 {[%emt 0:04:27]} Nc4 {[%emt 0:05:06]} 27. Bg3 {[%emt 0:05:41]} Bd7 {[%emt 0:04:01]} 28. Bh4 {[%emt 0:01:05]} Rcb8 {[%emt 0:02:15]} 29. Bxf6 {[%emt 0:03:48]} Bxf6 {[%emt 0:00:10]} 30. Nc5 {[%emt 0:00:03]} Bc6 {[%emt 0:03:45]} 31. Nb3 {[%emt 0:01:57]} Re8 {[%emt 0:03:22]} 32. Re1 {[%emt 0:00:20]} Bh4+ {[%emt 0:00:15]} 33. Kf1 {[%emt 0:00:45]} Bxe1 {[%emt 0:00:08]} 34. Kxe1 {[%emt 0:00:27]} Nxe3 {[%emt 0:01:30]} 35. Bd3 {[%emt 0:00:25]} Nc2+ {[%emt 0:00:38]} 36. Kd1 {[%emt 0:00:12]} Nxa1 {[%emt 0:00:21]} 37. Nxa1 {[%emt 0:00:15]} Rxa2 {[%emt 0:00:25]} 38. Nc2 {[%emt 0:00:20]} Ba4 {[%emt 0:02:28]} 39. Kc1 {[%emt 0:01:10]} Bxc2 {[%emt 0:00:24]} 0-1

[Event "DFMMLV 2019"]
[Site "Braunfels"]
[Date "2019.06.21"]
[Round "2.42"]
[White "Yi, Wendy"]
[Black "Moenster, Madita"]
[Result "0-1"]
[WhiteElo "1820"]
[BlackElo "1994"]
[Annotator "NA RC"]
[PlyCount "100"]
[EventDate "2019.06.20"]
[EventType "team-tourn"]
[EventCountry "GER"]
[SourceTitle "playchess.com"]
[Source "ChessBase"]
[SourceQuality "1"]
[WhiteTeam "Wuerttemberg 2"]
[BlackTeam "Niedersachsen Bremen"]
[TimeControl "40/5400+30:1800+30"]

1. e4 {[%emt 0:00:00]} c5 {[%emt 0:00:00]} 2. Nf3 {[%emt 0:00:00]} d6 {[%emt 0:00:00]} 3. d4 {[%emt 0:00:02]} cxd4 {[%emt 0:00:00]} 4. Nxd4 {[%emt 0:00:09]} Nf6 {[%emt 0:00:02]} 5. Nc3 {[%emt 0:02:11]} a6 {[%emt 0:00:13]} 6. Be2 {[%emt 0:02:21]} e5 {[%emt 0:02:38]} 7. Nb3 {[%emt 0:05:20]} Be7 {[%emt 0:00:33]} 8. O-O {[%emt 0:01:17]} O-O {[%emt 0:00:23]} 9. Be3 {[%emt 0:05:08]} Be6 {[%emt 0:01:58]} 10. Nd2 {[%emt 0:10:00] B92: Sicilian Najdorf: 6 Be2} (10. Qd2 Nbd7 11. a4 Nb6 12. a5 Nc4 13. Bxc4 Bxc4 14. Rfd1 Rc8 15. Bb6 Qe8 16. Nc1 d5 17. exd5 Bb4 18. d6 Qd7 19. Nd3 Bxd6 20. Nxe5 Bxe5 21. Qxd7 Nxd7 22. Rxd7 Bxc3 23. bxc3 {½-½ (30) Salgado Lopez,I (2624)-Cheparinov,I (2711) Germany 2019}) 10... d5 {[%emt 0:11:58]} 11. exd5 {[%emt 0:02:10]} Bxd5 $146 {[%emt 0:05:45]} ({Predecessor:} 11... Nxd5 12. Nxd5 Bxd5 13. Nc4 Bxc4 14. Bxc4 Nc6 15. Qg4 Qc7 16. Bb3 Rad8 {½-½ (33) Rocca,J (1613)-Monzon,S (1640) Montevideo 2018}) 12. Nc4 {[%emt 0:02:36]} Bxc4 {[%emt 0:04:26]} 13. Bxc4 {[%emt 0:00:48]} Qc7 {[%emt 0:02:15]} 14. Qe2 {[%emt 0:02:37]} Nc6 {[%emt 0:01:02]} 15. Rad1 {[%emt 0:03:09]} Rad8 {[%emt 0:03:05]} 16. a3 {[%emt 0:03:38]} Nd4 {[%emt 0:06:35]} 17. Bxd4 {[%emt 0:05:54]} exd4 {[%emt 0:00:36]} 18. Na2 {[%emt 0:01:19]} Rfe8 {[%emt 0:01:46]} 19. Bd3 {[%emt 0:13:29]} Bd6 {[%emt 0:05:19]} 20. Qf3 {[%emt 0:02:23]} Bxh2+ {[%emt 0:00:39]} 21. Kh1 {[%emt 0:00:45]} Be5 {[%emt 0:03:58]} 22. g3 {[%emt 0:03:57]} Qb6 {[%emt 0:10:48]} 23. b3 {[%emt 0:02:15]} Nd7 {[%emt 0:08:44]} 24. Kg2 {[%emt 0:06:29]} g6 {[%emt 0:03:17]} 25. Bc4 {[%emt 0:03:02]} Bf6 {[%emt 0:01:56]} 26. Nb4 {[%emt 0:08:51]} Ne5 {[%emt 0:02:22]} 27. Nd5 {[%emt 0:01:02]} Nxf3 {[%emt 0:01:04]} 28. Nxb6 {[%emt 0:00:11]} Ne5 {[%emt 0:01:01]} 29. Be2 {[%emt 0:00:59]} Bg7 {[%emt 0:04:34]} 30. Nc4 {[%emt 0:00:52]} Nd7 {[%emt 0:00:34]} 31. Rfe1 {[%emt 0:02:32]} Nc5 {[%emt 0:03:06]} 32. b4 {[%emt 0:04:47]} Na4 {[%emt 0:01:34]} 33. Bf3 {[%emt 0:01:20]} b5 {[%emt 0:03:10]} 34. Na5 {[%emt 0:00:43]} Nb2 {[%emt 0:05:55]} 35. Rxe8+ {[%emt 0:01:03]} Rxe8 {[%emt 0:00:08]} 36. Rd2 {[%emt 0:00:12]} Nc4 {[%emt 0:05:54]} 37. Nxc4 {[%emt 0:00:24]} bxc4 {[%emt 0:00:03]} 38. Kf1 {[%emt 0:01:23]} Rd8 {[%emt 0:00:40]} 39. Be2 {[%emt 0:00:16]} Rc8 {[%emt 0:00:38]} 40. Bf3 {[%emt 0:01:42]} Rc7 {[%emt 0:00:30]} 41. Bd5 {[%emt 0:11:13]} Kf8 {[%emt 0:02:04]} 42. Re2 {[%emt 0:03:42]} Bh6 {[%emt 0:06:01]} 43. f4 {[%emt 0:04:13]} Bg7 {[%emt 0:10:29]} 44. a4 {[%emt 0:03:41]} f5 {[%emt 0:06:53]} 45. b5 {[%emt 0:02:13]} axb5 {[%emt 0:00:20]} 46. axb5 {[%emt 0:00:06]} d3 {[%emt 0:00:58]} 47. cxd3 {[%emt 0:01:16]} cxd3 {[%emt 0:00:07]} 48. Rd2 {[%emt 0:01:03]} (48. Re1 $17 {was worth a try.} Rc5 {[%mdl 64] Double Attack} 49. Bc6) 48... Rc1+ {[%emt 0:00:20]} 49. Kf2 {[%emt 0:01:20]} Bd4+ {[%emt 0:00:13]} 50. Kf3 {[%emt 0:00:49]} Rc2 $19 {[%emt 0:00:44]} 0-1

[Event "DFMMLV 2019"]
[Site "Braunfels"]
[Date "2019.06.21"]
[Round "2.43"]
[White "Aden, Dagmar"]
[Black "Lederer, Leia"]
[Result "1/2-1/2"]
[WhiteElo "1855"]
[BlackElo "1728"]
[Annotator "NA RC"]
[PlyCount "72"]
[EventDate "2019.06.20"]
[EventType "team-tourn"]
[EventCountry "GER"]
[SourceTitle "playchess.com"]
[Source "ChessBase"]
[SourceQuality "1"]
[WhiteTeam "Niedersachsen Bremen"]
[BlackTeam "Wuerttemberg 2"]
[TimeControl "40/5400+30:1800+30"]

1. e4 {[%emt 0:00:00]} e5 {[%emt 0:00:00]} 2. Bc4 {[%emt 0:00:00]} Nf6 {[%emt 0:00:00]} 3. d4 {[%emt 0:00:09]} Nc6 {[%emt 0:06:10]} 4. d5 {[%emt 0:01:29]} Ne7 {[%emt 0:02:21]} 5. Nc3 {[%emt 0:05:15]} Ng6 {[%emt 0:01:25]} 6. a3 {[%emt 0:05:38]} a6 {[%emt 0:04:48]} 7. Be3 {[%emt 0:10:49]} b5 {[%emt 0:09:49]} 8. Bd3 {[%emt 0:00:18]} Nh4 {[%emt 0:00:36]} 9. Kf1 {[%emt 0:05:29]} Be7 {[%emt 0:03:48]} 10. g3 {[%emt 0:02:54]} Ng6 {[%emt 0:03:21]} 11. h4 {[%emt 0:05:58]} h5 {[%emt 0:05:09]} 12. Be2 {[%emt 0:02:48]} d6 {[%emt 0:09:22]} 13. Bg5 {[%emt 0:10:45]} Ng4 {[%emt 0:03:46]} 14. Nh3 {[%emt 0:03:29]} Bxg5 {[%emt 0:01:20]} 15. Nxg5 {[%emt 0:00:22]} O-O {[%emt 0:05:35]} 16. Bxg4 {[%emt 0:04:00]} hxg4 {[%emt 0:01:32]} 17. Qd2 {[%emt 0:04:52]} Qf6 {[%emt 0:04:52]} 18. Ne2 {[%emt 0:06:31]} Ne7 {[%emt 0:03:05]} 19. Kg2 {[%emt 0:11:59]} Qg6 {[%emt 0:09:13]} 20. h5 {[%emt 0:00:30]} Qh6 {[%emt 0:01:33]} 21. Rad1 {[%emt 0:02:26]} f5 {[%emt 0:06:51]} 22. Ne6 {[%emt 0:02:48]} Bxe6 {[%emt 0:03:54]} 23. Qxh6 {[%emt 0:01:45]} gxh6 {[%emt 0:00:04]} 24. dxe6 {[%emt 0:00:17]} fxe4 {[%emt 0:01:14]} 25. Nc3 {[%emt 0:03:02]} Rf6 {[%emt 0:00:34]} 26. Nxe4 {[%emt 0:00:43]} Rxe6 {[%emt 0:00:09]} 27. Rh4 {[%emt 0:00:25]} Rf8 {[%emt 0:01:07]} 28. Rxg4+ {[%emt 0:00:11]} Kh7 {[%emt 0:00:07]} 29. Rd3 {[%emt 0:03:02]} d5 {[%emt 0:00:33]} 30. Nc5 {[%emt 0:00:47]} Ref6 {[%emt 0:00:39]} 31. Rd2 Rd6 32. Re2 {[%emt 0:02:22]} e4 {[%emt 0:02:42]} 33. Nd3 {[%emt 0:00:21]} Nf5 {[%emt 0:01:53]} 34. Nf4 {[%emt 0:00:14]} c6 {[%emt 0:01:16]} 35. c3 {[%emt 0:00:54]} Re8 {[%emt 0:03:26]} 36. Ng6 {[%emt 0:01:17]} Ng7 1/2-1/2

[Event "DFMMLV 2019"]
[Site "Braunfels"]
[Date "2019.06.21"]
[Round "2.44"]
[White "Roesler, Hannah Clara Hed"]
[Black "Wollscheid, Stefanie"]
[Result "1-0"]
[WhiteElo "1638"]
[BlackElo "1705"]
[Annotator "NA RC"]
[PlyCount "89"]
[EventDate "2019.06.20"]
[EventType "team-tourn"]
[EventCountry "GER"]
[SourceTitle "playchess.com"]
[Source "ChessBase"]
[SourceQuality "1"]
[WhiteTeam "Wuerttemberg 2"]
[BlackTeam "Niedersachsen Bremen"]
[TimeControl "40/5400+30:1800+30"]

1. e4 {[%emt 0:00:00]} c5 {[%emt 0:00:00]} 2. c3 {[%emt 0:00:15]} d6 {[%emt 0:00:00]} 3. d4 {[%emt 0:02:38]} cxd4 {[%emt 0:00:42]} 4. cxd4 {[%emt 0:00:25]} Nf6 {[%emt 0:00:28]} 5. Nc3 {[%emt 0:01:33]} g6 {[%emt 0:01:00]} 6. Bf4 {[%emt 0:06:22]} Bg7 {[%emt 0:01:46]} 7. Rc1 {[%emt 0:04:15]} a6 {[%emt 0:00:53]} 8. Be2 {[%emt 0:11:10]} O-O {[%emt 0:03:42]} 9. Nf3 {[%emt 0:03:00]} Bd7 {[%emt 0:03:31]} 10. O-O {[%emt 0:08:14]} Nc6 {[%emt 0:07:41]} 11. d5 {[%emt 0:03:28]} Na7 {[%emt 0:01:54]} 12. Qb3 {[%emt 0:06:50]} b5 {[%emt 0:07:16]} 13. h3 {[%emt 0:02:08]} Re8 {[%emt 0:07:55]} 14. a3 {[%emt 0:07:22]} Nh5 {[%emt 0:13:54]} 15. Be3 {[%emt 0:06:36]} e6 {[%emt 0:13:33]} 16. Ng5 {[%emt 0:03:40]} e5 {[%emt 0:01:57]} 17. Bxh5 {[%emt 0:01:41]} gxh5 {[%emt 0:00:07]} 18. Ne2 {[%emt 0:01:56]} Bf6 {[%emt 0:01:27]} 19. Nf3 {[%emt 0:01:36]} h4 {[%emt 0:00:38]} 20. Rc2 {[%emt 0:02:43]} Kh8 {[%emt 0:02:08]} 21. Rfc1 {[%emt 0:00:59]} Rg8 {[%emt 0:04:49]} 22. Kh2 {[%emt 0:03:57]} Nc8 {[%emt 0:08:46]} 23. Rc7 {[%emt 0:03:58]} Rb8 {[%emt 0:02:07]} 24. Ne1 {[%emt 0:02:19]} Qe8 {[%emt 0:04:15]} 25. Bh6 {[%emt 0:02:34]} Bd8 {[%emt 0:00:37]} 26. R7c2 Rg6 {[%emt 0:00:41]} 27. Be3 {[%emt 0:03:07]} Qg8 {[%emt 0:00:35]} 28. Qc3 {[%emt 0:01:37]} Nb6 {[%emt 0:02:19]} 29. f4 {[%emt 0:02:09]} Nc4 {[%emt 0:01:38]} 30. Bf2 {[%emt 0:01:14]} Bf6 {[%emt 0:00:56]} 31. f5 {[%emt 0:01:08]} Rg7 {[%emt 0:01:07]} 32. Qf3 {[%emt 0:01:56]} Bc8 {[%emt 0:03:46]} 33. b3 {[%emt 0:01:23]} Nxa3 {[%emt 0:00:37]} 34. Rc6 {[%emt 0:00:51]} Qd8 {[%emt 0:01:22]} 35. Be3 {[%emt 0:01:36]} Bg5 {[%emt 0:01:12]} 36. Bxg5 {[%emt 0:00:55]} Rxg5 {[%emt 0:00:09]} 37. Qc3 {[%emt 0:00:58]} Bb7 {[%emt 0:01:08]} 38. Rc7 {[%emt 0:00:31]} Qe8 {[%emt 0:01:06]} 39. Qb4 {[%emt 0:00:57]} Bxd5 {[%emt 0:00:53]} 40. exd5 {[%emt 0:00:40]} e4 {[%emt 0:00:10]} 41. Qxd6 {[%emt 0:01:18]} b4 {[%emt 0:00:47]} 42. Rxf7 {[%emt 0:05:40]} Kg8 {[%emt 0:02:55]} 43. Re7 {[%emt 0:01:50]} Qf8 {[%emt 0:01:31]} 44. Qe6+ {[%emt 0:03:23]} Kh8 {[%emt 0:02:20]} 45. Rf7 {[%emt 0:02:24]} 1-0

[Event "DFMMLV 2019"]
[Site "Braunfels"]
[Date "2019.06.21"]
[Round "2.45"]
[White "Grabowski, Petra"]
[Black "Hoeglauer, Jenny"]
[Result "1-0"]
[WhiteElo "1626"]
[BlackElo "1703"]
[Annotator "NA RC"]
[PlyCount "53"]
[EventDate "2019.06.20"]
[EventType "team-tourn"]
[EventCountry "GER"]
[SourceTitle "playchess.com"]
[Source "ChessBase"]
[SourceQuality "1"]
[WhiteTeam "Niedersachsen Bremen"]
[BlackTeam "Wuerttemberg 2"]
[TimeControl "40/5400+30:1800+30"]

1. d4 {[%emt 0:00:00]} Nf6 {[%emt 0:00:00]} 2. Nf3 {[%emt 0:00:00]} e6 {[%emt 0:00:00]} 3. e3 {[%emt 0:00:00]} b6 {[%emt 0:00:15]} 4. Bd3 {[%emt 0:00:20]} Bb7 {[%emt 0:00:25]} 5. O-O {[%emt 0:00:16]} c5 {[%emt 0:01:02]} 6. c3 {[%emt 0:00:42]} d5 {[%emt 0:01:16]} 7. Ne5 {[%emt 0:03:51]} Nbd7 {[%emt 0:01:05]} 8. f4 {[%emt 0:01:36]} Bd6 {[%emt 0:07:12]} 9. Nd2 {[%emt 0:00:50]} O-O {[%emt 0:03:47]} 10. Qf3 {[%emt 0:01:05]} cxd4 {[%emt 0:04:55]} 11. exd4 {[%emt 0:01:06]} Ne8 {[%emt 0:06:07]} 12. Qh3 {[%emt 0:22:10]} f5 {[%emt 0:07:27]} 13. g4 {[%emt 0:09:40]} g6 {[%emt 0:02:18]} 14. Ndf3 {[%emt 0:12:23]} Be7 {[%emt 0:15:34]} 15. gxf5 {[%emt 0:13:38]} exf5 {[%emt 0:00:46]} 16. Qg3 {[%emt 0:06:10]} Kh8 {[%emt 0:08:38]} 17. Qh3 {[%emt 0:05:21]} Kg7 {[%emt 0:02:36]} 18. Qg3 {[%emt 0:05:22]} Nef6 {[%emt 0:04:04]} 19. Ng5 {[%emt 0:01:46]} Nh5 {[%emt 0:01:00]} 20. Ne6+ {[%emt 0:00:47]} Kh6 {[%emt 0:08:39]} 21. Qh3 {[%emt 0:02:58]} Qc8 {[%emt 0:01:04]} 22. Nxf8 {[%emt 0:00:02]} Nxe5 {[%emt 0:00:07]} 23. fxe5+ {[%emt 0:00:26]} Kg7 {[%emt 0:00:41]} 24. Nxh7 {[%emt 0:00:00]} Kxh7 {[%emt 0:00:05]} 25. Bxf5 {[%emt 0:00:00]} gxf5 {[%emt 0:01:29]} 26. Qxh5+ {[%emt 0:00:00]} Kg7 {[%emt 0:00:06]} 27. Bh6+ {[%emt 0:01:53]} 1-0

[Event "DFMMLV 2019"]
[Site "Braunfels"]
[Date "2019.06.21"]
[Round "2.46"]
[White "Zell, Mirjam"]
[Black "Wenke, Andrea"]
[Result "1-0"]
[WhiteElo "1660"]
[BlackElo "1756"]
[Annotator "NA RC"]
[PlyCount "112"]
[EventDate "2019.06.20"]
[EventType "team-tourn"]
[EventCountry "GER"]
[SourceTitle "playchess.com"]
[Source "ChessBase"]
[SourceQuality "1"]
[WhiteTeam "Wuerttemberg 2"]
[BlackTeam "Niedersachsen Bremen"]
[TimeControl "40/5400+30:1800+30"]

1. e4 {[%emt 0:00:00]} e5 {[%emt 0:00:00]} 2. Nf3 {[%emt 0:00:00]} Nc6 {[%emt 0:00:00]} 3. Bb5 {[%emt 0:00:00]} d6 {[%emt 0:00:02]} 4. c3 {[%emt 0:00:28]} Bd7 {[%emt 0:00:35]} 5. Ba4 {[%emt 0:00:46]} Be7 {[%emt 0:01:27]} 6. O-O {[%emt 0:08:51]} Nf6 {[%emt 0:01:10]} 7. Re1 {[%emt 0:00:28]} O-O {[%emt 0:02:57]} 8. h3 {[%emt 0:00:29]} Nh5 {[%emt 0:01:50]} 9. Nxe5 {[%emt 0:09:41]} Nxe5 {[%emt 0:02:06]} 10. Bxd7 {[%emt 0:00:09]} Qxd7 {[%emt 0:00:15]} 11. Qxh5 {[%emt 0:00:11]} Nd3 {[%emt 0:00:30]} 12. Rf1 {[%emt 0:01:55]} Qc6 {[%emt 0:04:28]} 13. Qf3 {[%emt 0:03:29]} Ne5 {[%emt 0:01:24]} 14. Qe2 {[%emt 0:02:09]} Ng6 {[%emt 0:06:44]} 15. d3 {[%emt 0:04:36]} f5 {[%emt 0:02:48]} 16. Nd2 {[%emt 0:17:14]} Nf4 {[%emt 0:06:06]} 17. Qf3 {[%emt 0:04:02]} g5 {[%emt 0:03:59]} 18. exf5 {[%emt 0:22:19]} Qxf3 {[%emt 0:03:42]} 19. Nxf3 {[%emt 0:00:13]} Nxd3 {[%emt 0:00:14]} 20. Bxg5 {[%emt 0:02:03]} Bxg5 {[%emt 0:01:20]} 21. Nxg5 {[%emt 0:00:07]} Rxf5 {[%emt 0:00:17]} 22. Nf3 {[%emt 0:05:47]} Re8 {[%emt 0:06:18]} 23. b3 {[%emt 0:02:19]} Nf4 {[%emt 0:02:08]} 24. Rfe1 {[%emt 0:03:11]} Rxe1+ {[%emt 0:01:56]} 25. Rxe1 {[%emt 0:00:07]} Kf7 {[%emt 0:00:09]} 26. Nd4 {[%emt 0:01:36]} Rg5 {[%emt 0:01:50]} 27. g3 {[%emt 0:03:27]} Nxh3+ {[%emt 0:02:18]} 28. Kh2 {[%emt 0:00:54]} Rh5 {[%emt 0:01:13]} 29. Kg2 {[%emt 0:00:22]} Ng5 {[%emt 0:00:51]} 30. f4 {[%emt 0:00:28]} c5 {[%emt 0:02:48]} 31. Nb5 {[%emt 0:03:35]} Ne6 {[%emt 0:01:44]} 32. Nxd6+ {[%emt 0:00:10]} Kf6 {[%emt 0:00:09]} 33. Nxb7 {[%emt 0:01:28]} Rd5 {[%emt 0:00:21]} 34. Kf3 {[%emt 0:01:25]} Rd2 {[%emt 0:04:17]} 35. Re2 {[%emt 0:00:37]} Rd3+ {[%emt 0:00:20]} 36. Re3 {[%emt 0:00:05]} Rd1 {[%emt 0:00:41]} 37. Na5 {[%emt 0:02:28]} Ra1 {[%emt 0:00:50]} 38. a4 {[%emt 0:00:18]} Ra3 {[%emt 0:02:28]} 39. Re4 {[%emt 0:00:42]} Nc7 {[%emt 0:01:09]} 40. Rc4 {[%emt 0:00:53]} Ne6 {[%emt 0:00:58]} 41. g4 {[%emt 0:02:46]} h6 {[%emt 0:02:18]} 42. f5 {[%emt 0:03:51]} Ng5+ {[%emt 0:02:07]} 43. Ke3 {[%emt 0:01:33]} Ra1 {[%emt 0:02:44]} 44. Rxc5 {[%emt 0:01:37]} Rg1 {[%emt 0:02:41]} 45. Rc6+ {[%emt 0:02:59]} Ke5 {[%emt 0:01:12]} 46. Rxh6 {[%emt 0:01:34]} Rxg4 {[%emt 0:00:10]} 47. Nc6+ {[%emt 0:02:11]} Kxf5 {[%emt 0:01:03]} 48. Nxa7 {[%emt 0:05:25]} Ne6 {[%emt 0:01:20]} 49. Nc6 {[%emt 0:03:35]} Rg3+ {[%emt 0:00:55]} 50. Kd2 {[%emt 0:00:41]} Nc5 {[%emt 0:05:10]} 51. Rh5+ {[%emt 0:00:30]} Rg5 {[%emt 0:00:43]} 52. Rxg5+ {[%emt 0:00:33]} Kxg5 {[%emt 0:00:06]} 53. Kc2 {[%emt 0:03:16]} Kf4 {[%emt 0:01:42]} 54. a5 {[%emt 0:00:46]} Ke4 {[%emt 0:00:30]} 55. b4 {[%emt 0:00:27]} Na4 {[%emt 0:01:02]} 56. Kb3 {[%emt 0:00:30]} Kd5 1-0

[Event "DFMMLV 2019"]
[Site "Braunfels"]
[Date "2019.06.21"]
[Round "2.47"]
[White "Luecke, Kristina"]
[Black "Zell, Hannah"]
[Result "1/2-1/2"]
[WhiteElo "1513"]
[BlackElo "1473"]
[Annotator "NA RC"]
[PlyCount "60"]
[EventDate "2019.06.20"]
[EventType "team-tourn"]
[EventCountry "GER"]
[SourceTitle "playchess.com"]
[Source "ChessBase"]
[SourceQuality "1"]
[WhiteTeam "Niedersachsen Bremen"]
[BlackTeam "Wuerttemberg 2"]
[TimeControl "40/5400+30:1800+30"]

1. e4 {[%emt 0:00:00]} e5 {[%emt 0:00:00]} 2. Nf3 {[%emt 0:00:00]} Nc6 {[%emt 0:00:00]} 3. Bb5 {[%emt 0:00:00]} a6 {[%emt 0:00:01]} 4. Ba4 {[%emt 0:00:00]} Bc5 {[%emt 0:00:22]} 5. O-O {[%emt 0:01:01]} b5 {[%emt 0:01:37]} 6. Bb3 {[%emt 0:00:19]} d6 {[%emt 0:01:23]} 7. h3 {[%emt 0:02:16]} Nf6 {[%emt 0:00:14]} 8. Re1 {[%emt 0:02:40]} O-O {[%emt 0:01:51]} 9. c3 {[%emt 0:00:26]} h6 {[%emt 0:08:08]} 10. d4 {[%emt 0:02:30]} Bb6 {[%emt 0:03:07]} 11. Bc2 {[%emt 0:04:04]} Bb7 {[%emt 0:04:28]} 12. Be3 {[%emt 0:03:27]} Ba7 {[%emt 0:06:39]} 13. Nbd2 {[%emt 0:03:14]} Re8 {[%emt 0:04:15]} 14. Qe2 {[%emt 0:18:10]} exd4 {[%emt 0:10:35]} 15. Nxd4 {[%emt 0:08:38]} Nxd4 {[%emt 0:04:53]} 16. Bxd4 {[%emt 0:00:25]} c5 {[%emt 0:00:55]} 17. Be3 {[%emt 0:22:01]} Nxe4 {[%emt 0:29:39]} 18. Bxh6 {[%emt 0:10:26]} Nf6 {[%emt 0:03:37]} 19. Be3 {[%emt 0:00:52]} c4 {[%emt 0:03:29]} 20. Nf1 {[%emt 0:01:39]} Qd7 {[%emt 0:02:59]} 21. Qd1 {[%emt 0:03:49]} Qc6 {[%emt 0:02:01]} 22. f3 {[%emt 0:02:02]} Bxe3+ {[%emt 0:01:47]} 23. Nxe3 {[%emt 0:01:17]} Qc5 {[%emt 0:00:52]} 24. Qd2 {[%emt 0:04:29]} Nd5 {[%emt 0:04:26]} 25. Kf2 {[%emt 0:04:21]} Nxe3 {[%emt 0:01:40]} 26. Rxe3 {[%emt 0:00:36]} Rxe3 {[%emt 0:00:23]} 27. Qxe3 {[%emt 0:00:07]} Qxe3+ {[%emt 0:00:06]} 28. Kxe3 {[%emt 0:00:07]} Re8+ {[%emt 0:00:19]} 29. Kf2 {[%emt 0:00:16]} Kf8 {[%emt 0:01:15]} 30. Rd1 {[%emt 0:01:03]} Ke7 {[%emt 0:02:04]} 1/2-1/2

[Event "DFMMLV 2019"]
[Site "Braunfels"]
[Date "2019.06.21"]
[Round "2.48"]
[White "Krotsch, Maxi"]
[Black "Evering, Kira"]
[Result "0-1"]
[WhiteElo "942"]
[BlackElo "1332"]
[Annotator "NA RC"]
[PlyCount "110"]
[EventDate "2019.06.20"]
[EventType "team-tourn"]
[EventCountry "GER"]
[SourceTitle "playchess.com"]
[Source "ChessBase"]
[SourceQuality "1"]
[WhiteTeam "Wuerttemberg 2"]
[BlackTeam "Niedersachsen Bremen"]
[TimeControl "40/5400+30:1800+30"]

1. e4 {[%emt 0:00:00]} e6 {[%emt 0:00:00]} 2. d4 {[%emt 0:00:01]} d5 {[%emt 0:00:01]} 3. e5 {[%emt 0:01:28]} c5 {[%emt 0:00:15]} 4. c3 {[%emt 0:00:50]} Qb6 {[%emt 0:00:15]} 5. Nf3 {[%emt 0:01:32]} Bd7 {[%emt 0:04:21]} 6. b3 Nc6 7. Be3 {[%emt 0:07:22]} cxd4 {[%emt 0:08:11]} 8. cxd4 {[%emt 0:00:42]} Nge7 {[%emt 0:02:09]} 9. Bd3 {[%emt 0:03:16]} Nb4 {[%emt 0:09:36]} 10. a4 {[%emt 0:03:00]} Nxd3+ {[%emt 0:05:13]} 11. Qxd3 {[%emt 0:00:50]} Nf5 {[%emt 0:02:58]} 12. O-O {[%emt 0:01:00]} Be7 {[%emt 0:06:55]} 13. Nbd2 {[%emt 0:05:16]} O-O {[%emt 0:02:16]} 14. Bg5 {[%emt 0:02:16]} Bxg5 {[%emt 0:02:32]} 15. Nxg5 {[%emt 0:00:13]} Qxd4 {[%emt 0:00:38]} 16. Qc2 {[%emt 0:03:31]} Qxe5 {[%emt 0:07:32]} 17. g4 {[%emt 0:01:34]} Qf6 {[%emt 0:00:11]} 18. Ndf3 {[%emt 0:00:40]} h6 {[%emt 0:00:19]} 19. Nh3 {[%emt 0:01:23]} Nd4 {[%emt 0:06:27]} 20. Nxd4 {[%emt 0:00:39]} Qxd4 {[%emt 0:00:12]} 21. Qe2 {[%emt 0:00:00]} e5 {[%emt 0:01:06]} 22. Rad1 {[%emt 0:00:26]} Qxg4+ {[%emt 0:00:34]} 23. Qxg4 {[%emt 0:00:41]} Bxg4 {[%emt 0:00:08]} 24. Rd3 {[%emt 0:00:08]} Be2 {[%emt 0:01:05]} 25. Rxd5 {[%emt 0:00:29]} Bxf1 {[%emt 0:00:27]} 26. Kxf1 {[%emt 0:00:09]} f6 {[%emt 0:02:10]} 27. Rd7 {[%emt 0:00:38]} b6 {[%emt 0:00:32]} 28. b4 {[%emt 0:00:12]} Rfd8 {[%emt 0:00:32]} 29. Rc7 {[%emt 0:00:21]} Rd1+ {[%emt 0:00:10]} 30. Kg2 {[%emt 0:00:12]} Ra1 {[%emt 0:00:32]} 31. a5 {[%emt 0:00:10]} bxa5 {[%emt 0:00:12]} 32. b5 {[%emt 0:00:18]} Rb1 {[%emt 0:00:18]} 33. Rc5 {[%emt 0:00:15]} a6 {[%emt 0:02:20]} 34. bxa6 {[%emt 0:00:19]} Rxa6 {[%emt 0:00:10]} 35. Rc8+ {[%emt 0:00:05]} Kh7 {[%emt 0:00:26]} 36. Ng1 {[%emt 0:00:19]} a4 {[%emt 0:00:50]} 37. Nf3 {[%emt 0:00:10]} a3 {[%emt 0:00:34]} 38. Nd2 {[%emt 0:00:19]} a2 {[%emt 0:03:17]} 39. Nxb1 {[%emt 0:00:18]} axb1=Q {[%emt 0:00:17]} 40. Rc3 {[%emt 0:00:24]} Rb6 {[%emt 0:02:19]} 41. Re3 {[%emt 0:30:31]} Rb3 {[%emt 0:30:35]} 42. Rg3 {[%emt 0:00:30]} Rxg3+ {[%emt 0:00:38]} 43. hxg3 {[%emt 0:00:11]} Qb4 {[%emt 0:01:10]} 44. Kf3 {[%emt 0:00:12]} f5 {[%emt 0:00:29]} 45. Kg2 {[%emt 0:00:25]} Qe4+ {[%emt 0:00:27]} 46. Kh3 {[%emt 0:00:17]} Qg4+ {[%emt 0:00:57]} 47. Kg2 {[%emt 0:00:06]} f4 {[%emt 0:00:09]} 48. Kh2 {[%emt 0:00:31]} fxg3+ {[%emt 0:00:16]} 49. fxg3 {[%emt 0:00:12]} h5 {[%emt 0:02:41]} 50. Kg2 {[%emt 0:00:09]} h4 {[%emt 0:00:15]} 51. Kh1 {[%emt 0:00:21]} Qe2 {[%emt 0:00:31]} 52. gxh4 {[%emt 0:00:17]} Kh6 {[%emt 0:00:18]} 53. Kg1 {[%emt 0:00:17]} Kh5 {[%emt 0:00:10]} 54. Kh1 {[%emt 0:00:10]} Kxh4 {[%emt 0:00:06]} 55. Kg1 {[%emt 0:00:09]} Kg3 0-1